000 01457cam a22003977a 4500
003 CHAP
005 20220329143025.0
008 050831d2003 es r 00110 spa d
010 _a90830
011 _a91802
020 _a844151562X
035 _a102365
040 _cCHAP
082 0 4 _a001.6424
_bV35
100 0 0 _aValdés Miranda Cros, Claudia.
_9117354
245 1 0 _aDreamweaver MX
_c/por Claudia Valdés-Miranda Cros y Enrique Rodríguez Alvarez
260 _aMadrid :
_bAnaya multimedia,
_c2003.
300 _a432 p.
490 0 _aManual imprescindible
_v; 117
590 _aBATCH-UPD
_b10
_c20130110
_lUCH01
_h0452
590 _aBATCH-UPD
_b10
_c20130110
_lUCH01
_h2344
590 _aBATCH-UPD
_b10
_c20130410
_lUCH01
_h0129
590 _aBATCH-UPD
_b10
_c20130410
_lUCH01
_h1632
590 _aBATCH-UPD
_b10
_c20130914
_lUCH01
_h1220
590 _aCONVERSION
_b10
_c20130109
_lUCH01
_h1350
650 1 4 _aDreamweaver MX (Programación)
_934183
650 1 4 _aPágina Web
_xDiseño.
_989348
700 0 _aRodríguez Alvarez, Enrique.
_998281
830 0 0 _aManual imprescindible
_v; 117
_970633
901 _aBK
905 _aLilia
942 _cLIBRO
949 _a001.6424 V35
_bBC
_cLIBRO
_d33724000978078
_eLIBRO
_fc.3
_gI.c/e
_h106744
_i102365
_si
_t$252.00
949 _a001.6424 V35
_bBC
_cLIBRO
_d33724000978086
_eLIBRO
_gI.c/e
_h106742
_i102365
_si
_t$252.00
949 _a001.6424 V35
_bBC
_cLIBRO
_d33724000978094
_eLIBRO
_fc.2
_gI.c/e
_h106743
_i102365
_si
_t$252.00
999 _c90830
_d90830